000 00918 a2200265 4500
999 _c11106
_d11106
020 _a0801670586
050 0 0 _aRC78
_bEHR 2013
100 1 _aEhrlich, Ruth Ann,
_d1938-
_eauthor
245 1 0 _aPatient care in radiography :
_cRuth Ann Ehrlich, Dawn M.Coakes
_bWith an introduction to medical imaging /
250 _aeighth edition
264 _a St. Louis :
_bElsevier,
_cc.2013
300 _axiii, 311 pages
_billustrations
336 _2rdacontent
_atext
_btxt
337 _2rdamedia
_aunmediated
_bn
338 _2rdacarrier
_avolume
_bnc
504 _aIncludes bibliographical references (p. 272) and index.
650 0 _aRadiography, Medical.
650 0 _aMedical personnel and patient.
650 2 _aProfessional-Patient Relations.
650 2 _aRadiography.
650 2 _aTechnology, Radiologic.
700 1 _aCoakes, Dawn M
_eauthor
942 _2lcc
_cBK
_h78
_iEHR
_kRC